[Event "HUN-chT2 Asztalos 1819"]
[Site "Hungary"]
[Date "2019.03.31"]
[Round "8.9"]
[White "Zelenak, Donat"]
[Black "Varga, Ferenc"]
[Result "1-0"]
[WhiteElo "1872"]
[BlackElo "1970"]
[PlyCount "39"]
[EventDate "2018.10.28"]
[EventType "team-tourn"]
[EventRounds "9"]
[EventCountry "HUN"]
[SourceTitle "EXT 2021"]
[Source "ChessBase"]
[SourceDate "2020.10.23"]
[SourceVersion "1"]
[SourceVersionDate "2020.10.23"]
[SourceQuality "1"]
[WhiteTeam "Kiraly Sakk"]
[BlackTeam "Baja Spartacus"]
[WhiteTeamCountry "HUN"]
[BlackTeamCountry "HUN"]

1. Nf3 Nf6 2. d4 d5 3. e3 e6 4. Bd3 Bd6 5. 0-0 0-0 6. b3 b6 7. Bb2 Bb7 8. Nbd2 Nbd7 9. c4 c5 10. cxd5 exd5 11. Ne5 Qe7 12. f4 Ne4 13. Nxe4 Bxe5 14. Ng5 Bf6 15. Bxh7+ Kh8 16. Qh5 Bxg5 17. fxg5 Nf6 18. Rxf6 Qxe3+ 19. Kh1 Rfe8 20. Bg6+ 1-0

[Event "HUN-chT2 Asztalos 1819"]
[Site "Hungary"]
[Date "2019.03.10"]
[Round "7.8"]
[White "Majnay, Peter"]
[Black "Varga, Ferenc"]
[Result "1/2-1/2"]
[WhiteElo "1839"]
[BlackElo "1970"]
[PlyCount "23"]
[EventDate "2018.10.28"]
[EventType "team-tourn"]
[EventRounds "9"]
[EventCountry "HUN"]
[SourceTitle "CBM 189 Extra"]
[Source "ChessBase"]
[SourceDate "2019.06.03"]
[SourceVersion "1"]
[SourceVersionDate "2019.06.03"]
[SourceQuality "1"]
[WhiteTeam "Komlo"]
[BlackTeam "Baja Spartacus"]
[WhiteTeamCountry "HUN"]
[BlackTeamCountry "HUN"]

1. e4 c6 2. d4 d5 3. exd5 cxd5 4. Bd3 Nc6 5. c3 Nf6 6. Bf4 Qb6 7. Qb3 Qxb3 8. axb3 Bg4 9. b4 Nh5 10. Be3 Nf6 11. Bf4 Nh5 12. Be3 1/2-1/2

[Event "HUN-chT2 Asztalos 1819"]
[Site "Hungary"]
[Date "2018.11.18"]
[Round "2.8"]
[White "Varga, Ferenc"]
[Black "Konya, Attila"]
[Result "1/2-1/2"]
[WhiteElo "1970"]
[BlackElo "1745"]
[PlyCount "40"]
[EventDate "2018.10.28"]
[EventType "team-tourn"]
[EventRounds "9"]
[EventCountry "HUN"]
[SourceTitle "CBM 189 Extra"]
[Source "ChessBase"]
[SourceDate "2019.06.03"]
[SourceVersion "1"]
[SourceVersionDate "2019.06.03"]
[SourceQuality "1"]
[WhiteTeam "Baja Spartacus"]
[BlackTeam "Karmin"]
[WhiteTeamCountry "HUN"]
[BlackTeamCountry "HUN"]

1. d4 Nf6 2. Nf3 g6 3. c4 Bg7 4. Nc3 d6 5. e4 0-0 6. Be2 e5 7. 0-0 exd4 8. Nxd4 Nc6 9. Nxc6 bxc6 10. Bg5 Qe8 11. f3 Qe5 12. Qd2 Re8 13. Rab1 Bb7 14. Rfe1 Nh5 15. Rbd1 a5 16. Be3 Nf6 17. f4 Qe6 18. Bf3 Qxc4 19. Rc1 Qe6 20. h3 c5 1/2-1/2

[Event "HUN-chT2 Asztalos 1718"]
[Site "Hungary"]
[Date "2018.03.04"]
[Round "7.9"]
[White "Balint, Janos"]
[Black "Varga, Ferenc"]
[Result "1-0"]
[WhiteElo "1877"]
[BlackElo "1977"]
[PlyCount "81"]
[EventDate "2017.10.29"]
[EventType "team-tourn"]
[EventRounds "9"]
[EventCountry "HUN"]
[SourceTitle "EXT 2021"]
[Source "ChessBase"]
[SourceDate "2020.10.23"]
[SourceVersion "1"]
[SourceVersionDate "2020.10.23"]
[SourceQuality "1"]
[WhiteTeam "Kaposvar Bastya"]
[BlackTeam "Baja"]
[WhiteTeamCountry "HUN"]
[BlackTeamCountry "HUN"]

1. e4 c6 2. d4 d5 3. e5 Bf5 4. Bd3 Bxd3 5. Qxd3 e6 6. Ne2 Nd7 7. 0-0 b5 8. Be3 a6 9. f4 g6 10. Nd2 h5 11. Nf3 Ne7 12. Ng5 Nf5 13. Ng3 Nxe3 14. Qxe3 c5 15. c3 h4 16. Nh1 Qb6 17. Nf2 Be7 18. Ng4 Rh5 19. Kh1 Qd8 20. Nh3 c4 21. Rf3 Nb6 22. Raf1 Kd7 23. Ng5 Qf8 24. Re1 Qg7 25. Ref1 Kd8 26. Qe2 Ra7 27. Rh3 Nd7 28. Qf2 Bxg5 29. fxg5 Rxg5 30. Qxh4 f6 31. Nxf6 Rf5 32. Rxf5 gxf5 33. Nxd5+ Kc8 34. Qh8+ Qxh8 35. Rxh8+ Kb7 36. Rh7 Kc6 37. Nf6 Rc7 38. Rxd7 Rxd7 39. Nxd7 Kxd7 40. g3 a5 41. a3 1-0

[Event "HUN-chT2 Asztalos 1617"]
[Site "Hungary"]
[Date "2016.12.11"]
[Round "6.9"]
[White "Hegedus, Luca"]
[Black "Varga, Ferenc"]
[Result "1/2-1/2"]
[WhiteElo "1783"]
[BlackElo "2003"]
[PlyCount "76"]
[EventDate "2016.09.25"]
[EventType "team-tourn"]
[EventRounds "11"]
[EventCountry "HUN"]
[SourceTitle "EXT 2021"]
[Source "ChessBase"]
[SourceDate "2020.10.23"]
[SourceVersion "1"]
[SourceVersionDate "2020.10.23"]
[SourceQuality "1"]
[WhiteTeam "Decs 1990 II"]
[BlackTeam "Baja"]
[WhiteTeamCountry "HUN"]
[BlackTeamCountry "HUN"]

1. d4 d5 2. c4 c6 3. Nc3 Nf6 4. Bf4 e6 5. e3 Qb6 6. Qb3 Qxb3 7. axb3 Bb4 8. Bd3 Nbd7 9. Nf3 b6 10. 0-0 0-0 11. Ne5 Bb7 12. cxd5 exd5 13. Bf5 Nxe5 14. Bxe5 Be7 15. Rfc1 Bc8 16. Bd3 Bb7 17. Ra2 a5 18. Bc7 Bd8 19. Bxd8 Rfxd8 20. Na4 b5 21. Nc5 Bc8 22. Rca1 Nd7 23. Nxd7 Bxd7 24. Rxa5 Rxa5 25. Rxa5 Kf8 26. Ra7 Be6 27. Kf1 Rd7 28. Ra6 Rc7 29. b4 Ke7 30. Ke2 Bc8 31. Ra3 Kd6 32. Kd2 Re7 33. g3 h6 34. Ra8 Bg4 35. Ra6 Bc8 36. Ra8 Bg4 37. Ra6 Bc8 38. Ra8 Bg4 1/2-1/2

[Event "HUN-chT2 Asztalos 1617"]
[Site "Hungary"]
[Date "2016.10.30"]
[Round "3.7"]
[White "Varga, Ferenc"]
[Black "Gyorke, Zoltan"]
[Result "0-1"]
[WhiteElo "2003"]
[BlackElo "1970"]
[PlyCount "86"]
[EventDate "2016.09.25"]
[EventType "team-tourn"]
[EventRounds "11"]
[EventCountry "HUN"]
[SourceTitle "EXT 2021"]
[Source "ChessBase"]
[SourceDate "2020.10.23"]
[SourceVersion "1"]
[SourceVersionDate "2020.10.23"]
[SourceQuality "1"]
[WhiteTeam "Baja"]
[BlackTeam "Komlo Banyasz II"]
[WhiteTeamCountry "HUN"]
[BlackTeamCountry "HUN"]

1. d4 d6 2. Bf4 Nf6 3. Nf3 g6 4. c4 Bg7 5. Nc3 c6 6. e4 0-0 7. Be2 Nbd7 8. 0-0 a6 9. a4 Nh5 10. Be3 Nhf6 11. h3 e5 12. dxe5 dxe5 13. b4 Qc7 14. c5 Rd8 15. Qb3 Nf8 16. Rfd1 Be6 17. Bc4 Bxc4 18. Qxc4 Ne6 19. b5 axb5 20. axb5 Rxa1 21. Rxa1 cxb5 22. Qxb5 Bf8 23. Qb6 Qc8 24. Nxe5 Bxc5 25. Bxc5 Qxc5 26. Qxc5 Nxc5 27. f3 h5 28. Kf2 Kf8 29. Ra5 Nd3+ 30. Ke2 Nf4+ 31. Kf2 Re8 32. h4 Rxe5 33. Ra7 Rc5 34. Kg3 Rxc3 35. Kxf4 Rb3 36. Ra4 Ke7 37. Rc4 Nd7 38. Rc8 Rb6 39. g4 Rf6+ 40. Kg3 b5 41. Rh8 b4 42. gxh5 gxh5 43. Rxh5 Rd6 0-1

[Event "HUN-chT2 Asztalos 1516"]
[Site "Hungary"]
[Date "2016.04.17"]
[Round "11.8"]
[White "Varga, Ferenc"]
[Black "Pais, Nimrod"]
[Result "1-0"]
[WhiteElo "1989"]
[BlackElo "2003"]
[PlyCount "71"]
[EventDate "2015.09.13"]
[EventType "team-tourn"]
[EventRounds "11"]
[EventCountry "HUN"]
[SourceTitle "EXT 2017"]
[Source "ChessBase"]
[SourceDate "2016.10.25"]
[SourceVersion "1"]
[SourceVersionDate "2016.10.25"]
[SourceQuality "1"]
[WhiteTeam "Baja Spartacus"]
[BlackTeam "Fehervar"]
[WhiteTeamCountry "HUN"]
[BlackTeamCountry "HUN"]

1. d4 Nf6 2. c4 d6 3. Nc3 g6 4. e4 Bg7 5. Nf3 0-0 6. h3 Nc6 7. Be3 e5 8. d5 Ne7 9. g4 Re8 10. Bd3 a6 11. Qd2 Bd7 12. Ke2 c5 13. a4 Qa5 14. Qc2 Reb8 15. Bd2 Qd8 16. Nh2 Ne8 17. Rag1 Nc8 18. Nf1 Nc7 19. Ng3 Kh8 20. Qc1 Qf8 21. h4 Bxg4+ 22. f3 Bd7 23. h5 Ne7 24. hxg6 fxg6 25. Bh6 Bxh6 26. Rxh6 Qf4 27. Qxf4 exf4 28. Rgh1 Re8 29. Rxh7+ Kg8 30. Nf1 b5 31. axb5 axb5 32. cxb5 Rab8 33. Kd1 Nxb5 34. Nxb5 Bxb5 35. Bxb5 Rxb5 36. Rh8+ 1-0

[Event "HUN-chT2 Asztalos 1516"]
[Site "Hungary"]
[Date "2015.10.18"]
[Round "3.7"]
[White "Varga, Ferenc"]
[Black "Nogradi, Gabor"]
[Result "1/2-1/2"]
[WhiteElo "1989"]
[BlackElo "1988"]
[PlyCount "36"]
[EventDate "2015.09.13"]
[EventType "team-tourn"]
[EventRounds "11"]
[EventCountry "HUN"]
[SourceTitle "CBM 170 Extra"]
[Source "ChessBase"]
[SourceDate "2016.02.25"]
[SourceVersion "1"]
[SourceVersionDate "2016.02.25"]
[SourceQuality "1"]
[WhiteTeam "Baja Spartacus"]
[BlackTeam "Pecs Karmin"]
[WhiteTeamCountry "HUN"]
[BlackTeamCountry "HUN"]

1. d4 Nf6 2. Nf3 e6 3. Bg5 Be7 4. e3 b6 5. Nbd2 Bb7 6. Bd3 d6 7. 0-0 Nbd7 8. e4 c5 9. c3 e5 10. dxe5 dxe5 11. Qe2 0-0 12. Rad1 Ne8 13. Bxe7 Qxe7 14. Nc4 Rd8 15. Rfe1 g6 16. Rd2 Kg7 17. b3 f6 18. Red1 Bc6 1/2-1/2

[Event "HUN-chT2 Asztalos 1516"]
[Site "Hungary"]
[Date "2015.09.13"]
[Round "1.8"]
[White "Figler, Janos"]
[Black "Varga, Ferenc"]
[Result "1/2-1/2"]
[WhiteElo "2042"]
[BlackElo "1989"]
[PlyCount "77"]
[EventDate "2015.09.13"]
[EventType "team-tourn"]
[EventRounds "11"]
[EventCountry "HUN"]
[SourceTitle "CBM 170 Extra"]
[Source "ChessBase"]
[SourceDate "2016.02.25"]
[SourceVersion "1"]
[SourceVersionDate "2016.02.25"]
[SourceQuality "1"]
[WhiteTeam "Decs 1990 II"]
[BlackTeam "Baja Spartacus"]
[WhiteTeamCountry "HUN"]
[BlackTeamCountry "HUN"]

1. e4 c6 2. d4 d5 3. Nc3 dxe4 4. Nxe4 Bf5 5. Ng3 Bg6 6. Bc4 e6 7. N1e2 Bd6 8. Nf4 Qh4 9. Nxg6 hxg6 10. Be3 Nd7 11. Qd2 Ngf6 12. Bg5 Ne4 13. Nxe4 Qxe4+ 14. Kf1 Nb6 15. Bb3 Nd5 16. Re1 Qf5 17. Bxd5 cxd5 18. h3 Rc8 19. c3 Rh5 20. Be3 g5 21. Qe2 g4 22. Qb5+ Ke7 23. Qxb7+ Rc7 24. Qa6 gxh3 25. Rxh3 Rxh3 26. gxh3 Qxh3+ 27. Ke2 f5 28. Rg1 f4 29. Rxg7+ Kf6 30. Rxc7 Bxc7 31. Bd2 Qg4+ 32. Ke1 Qf5 33. f3 Qb1+ 34. Ke2 Qxb2 35. Qxa7 Qb5+ 36. Ke1 Qb1+ 37. Ke2 Qb5+ 38. Ke1 Qb1+ 39. Ke2 1/2-1/2

[Event "HUN-chT2 Asztalos 1415"]
[Site "Hungary"]
[Date "2015.04.26"]
[Round "9.6"]
[White "Varga, Ferenc"]
[Black "Kovacs, Tibor"]
[Result "1/2-1/2"]
[WhiteElo "1974"]
[BlackElo "1884"]
[PlyCount "64"]
[EventDate "2014.10.12"]
[EventType "team-tourn"]
[EventRounds "9"]
[EventCountry "HUN"]
[SourceTitle "EXT 2016"]
[Source "ChessBase"]
[SourceDate "2015.10.08"]
[SourceVersion "1"]
[SourceVersionDate "2015.10.08"]
[SourceQuality "1"]
[WhiteTeam "Baja Spartacus"]
[BlackTeam "Pecs Karmin"]
[WhiteTeamCountry "HUN"]
[BlackTeamCountry "HUN"]

1. d4 Nf6 2. Nf3 d6 3. h3 c5 4. dxc5 Qa5+ 5. Bd2 Qxc5 6. Nc3 a6 7. e4 e6 8. Bd3 Qc7 9. 0-0 Be7 10. Be3 Nc6 11. Na4 b5 12. Nb6 Rb8 13. Nxc8 Rxc8 14. Rc1 0-0 15. c3 Rfd8 16. Bb1 d5 17. exd5 Nxd5 18. Qc2 g6 19. Bh6 Bf8 20. Bxf8 Kxf8 21. Qe4 Qe7 22. Rfe1 Kg7 23. Bc2 Na5 24. Rcd1 Qf6 25. Bb3 Nc4 26. Bxc4 Rxc4 27. Qd3 Rcc8 28. Qe4 Rc4 29. Rd4 Rcc8 30. Red1 Re8 31. Re1 Red8 32. Red1 Re8 1/2-1/2

[Event "HUN-chT2 Asztalos 1415"]
[Site "Hungary"]
[Date "2014.11.16"]
[Round "2.5"]
[White "Varga, Ferenc"]
[Black "Illes, Attila"]
[Result "1/2-1/2"]
[WhiteElo "1974"]
[BlackElo "1988"]
[PlyCount "48"]
[EventDate "2014.10.12"]
[EventType "team-tourn"]
[EventRounds "9"]
[EventCountry "HUN"]
[SourceTitle "EXT 2016"]
[Source "ChessBase"]
[SourceDate "2015.10.08"]
[SourceVersion "1"]
[SourceVersionDate "2015.10.08"]
[SourceQuality "1"]
[WhiteTeam "Baja Spartacus"]
[BlackTeam "Kaposvar Bastya"]
[WhiteTeamCountry "HUN"]
[BlackTeamCountry "HUN"]

1. d4 d5 2. Nf3 Bf5 3. Bf4 e6 4. e3 Bd6 5. Bb5+ c6 6. Bd3 Nf6 7. Bxd6 Qxd6 8. 0-0 Nbd7 9. Bxf5 exf5 10. Nbd2 0-0 11. c4 Rfe8 12. g3 Ne4 13. Qc2 g6 14. Rac1 Nxd2 15. Nxd2 dxc4 16. Qxc4 Nb6 17. Qc5 Qe6 18. b3 Nd5 19. Rfe1 Nf6 20. Qc4 Qd7 21. Nf3 Qd5 22. Qxd5 Nxd5 23. a3 f6 24. h4 Rad8 1/2-1/2

[Event "HUN-chT2 Asztalos 1314"]
[Site "Hungary"]
[Date "2014.03.23"]
[Round "7"]
[White "Varga, Ferenc"]
[Black "Katona, Ivett"]
[Result "1-0"]
[WhiteElo "1964"]
[BlackElo "1579"]
[PlyCount "67"]
[EventDate "2013.09.08"]
[EventType "team-tourn"]
[EventRounds "9"]
[EventCountry "HUN"]
[SourceTitle "EXT 2016"]
[Source "ChessBase"]
[SourceDate "2015.10.08"]
[SourceVersion "1"]
[SourceVersionDate "2015.10.08"]
[SourceQuality "1"]
[WhiteTeam "Baja"]
[BlackTeam "Kiraly Sakk"]
[WhiteTeamCountry "HUN"]
[BlackTeamCountry "HUN"]

1. d4 d5 2. Nf3 f5 3. Bf4 e6 4. e3 c6 5. c4 Bd6 6. c5 Bc7 7. Nbd2 Nf6 8. Bd3 0-0 9. 0-0 Nbd7 10. Qc2 Ne4 11. b4 h6 12. h4 Ndf6 13. g3 Ng4 14. Kg2 Bd7 15. Rae1 Be8 16. Nb3 Bh5 17. Nbd2 Qd7 18. Nb3 Qd8 19. Qc1 Qd7 20. Ng1 Ngxf2 21. Rxf2 Nxf2 22. Kxf2 Qd8 23. Nd2 g5 24. hxg5 hxg5 25. Bxc7 Qxc7 26. Ndf3 g4 27. Ne5 Kg7 28. Ne2 Rh8 29. Nf4 Qe7 30. Qb1 Bf7 31. Kg2 a6 32. a4 Rh7 33. Rh1 Rxh1 34. Qxh1 1-0

[Event "HUN-chT2 Asztalos 1213"]
[Site "Hungary"]
[Date "2012.12.02"]
[Round "5.8"]
[White "Juhasz, Zoltan"]
[Black "Varga, Ferenc"]
[Result "1/2-1/2"]
[WhiteElo "1885"]
[BlackElo "1979"]
[PlyCount "47"]
[EventDate "2012.09.16"]
[EventType "team-tourn"]
[EventRounds "9"]
[EventCountry "HUN"]
[SourceTitle "EXT 2014"]
[Source "ChessBase"]
[SourceDate "2013.11.20"]
[SourceVersion "1"]
[SourceVersionDate "2013.11.20"]
[SourceQuality "1"]
[WhiteTeam "Pecs Karmin"]
[BlackTeam "Baja"]
[WhiteTeamCountry "HUN"]
[BlackTeamCountry "HUN"]

1. e4 c6 2. d4 d5 3. e5 Bf5 4. Nc3 e6 5. g4 Bg6 6. h4 h5 7. g5 Qb6 8. Nf3 Bb4 9. Bd3 Ne7 10. 0-0 0-0 11. Ne2 Bxd3 12. Qxd3 Nf5 13. c3 Be7 14. Nf4 g6 15. b4 Nd7 16. a4 Qc7 17. a5 b6 18. Be3 Rfc8 19. Rfc1 b5 20. Ne2 Kg7 21. Ng3 Nf8 22. Nxf5+ exf5 23. Ne1 Ne6 24. f4 1/2-1/2

[Event "HUN-chT2 Asztalos 1213"]
[Site "Hungary"]
[Date "2012.09.16"]
[Round "1.9"]
[White "Horvath, Attila1111"]
[Black "Varga, Ferenc"]
[Result "0-1"]
[WhiteElo "1853"]
[BlackElo "1979"]
[PlyCount "70"]
[EventDate "2012.09.16"]
[EventType "team-tourn"]
[EventRounds "9"]
[EventCountry "HUN"]
[SourceTitle "EXT 2014"]
[Source "ChessBase"]
[SourceDate "2013.11.20"]
[SourceVersion "1"]
[SourceVersionDate "2013.11.20"]
[SourceQuality "1"]
[WhiteTeam "Szentlorinc"]
[BlackTeam "Baja"]
[WhiteTeamCountry "HUN"]
[BlackTeamCountry "HUN"]

1. e4 c6 2. d4 d5 3. exd5 cxd5 4. Nf3 Bg4 5. h3 Bh5 6. Bb5+ Nc6 7. g4 Bg6 8. Ne5 Rc8 9. h4 f6 10. Nxg6 hxg6 11. Qd3 Kf7 12. c3 e6 13. Bxc6 Rxc6 14. Be3 Bd6 15. f4 Qc7 16. Qf1 Nh6 17. Qf3 f5 18. h5 gxh5 19. gxh5 Ng4 20. Rh4 Qb6 21. Bc1 Qd8 22. Rh1 Rh6 23. Na3 Bxa3 24. bxa3 Qa5 25. Kd2 Qb6 26. Kd3 Rh8 27. Bd2 Qa6+ 28. Kc2 Qa4+ 29. Kd3 Qc4+ 30. Kc2 Qxd4 31. Kc1 Rhc8 32. Rh3 Qa4 33. Rb1 Qxa3+ 34. Kd1 b6 35. Qd3 Nf2+ 0-1

[Event "HUN-chT2 Asztalos 1112"]
[Site "Hungary"]
[Date "2012.05.20"]
[Round "11.9"]
[White "Varga, Ferenc"]
[Black "Ragyelik, Andras"]
[Result "0-1"]
[WhiteElo "1969"]
[BlackElo "1766"]
[PlyCount "80"]
[EventDate "2011.09.25"]
[EventType "team-tourn"]
[EventRounds "11"]
[EventCountry "HUN"]
[SourceTitle "EXT 2013"]
[Source "ChessBase"]
[SourceDate "2012.11.22"]
[SourceVersion "1"]
[SourceVersionDate "2012.11.22"]
[SourceQuality "1"]
[WhiteTeam "Baja"]
[BlackTeam "Dunaujvaros"]
[WhiteTeamCountry "HUN"]
[BlackTeamCountry "HUN"]

1. d4 Nf6 2. Nf3 e6 3. Bg5 h6 4. Bh4 c5 5. e3 b6 6. c4 Bb7 7. Nc3 Be7 8. Bd3 d6 9. 0-0 Nbd7 10. Rc1 0-0 11. Re1 d5 12. b3 g5 13. Bg3 Ne4 14. Bxe4 dxe4 15. Nd2 f5 16. f3 cxd4 17. Nb5 dxe3 18. Bc7 Qc8 19. Nf1 Bc5 20. Kh1 a6 21. Bd6 axb5 22. Bxf8 Kxf8 23. fxe4 Bxe4 24. Nxe3 Rxa2 25. Ra1 Rxa1 26. Qxa1 Kf7 27. Qc3 b4 28. Qb2 Qc6 29. h3 e5 30. Qe2 Bxe3 31. Qxe3 Bxg2+ 32. Kh2 Be4 33. Qd2 Nc5 34. Qd1 Bf3 35. Qc2 e4 36. Ra1 Qd6+ 37. Kg1 Qg3+ 38. Kf1 Qxh3+ 39. Kg1 Qh1+ 40. Kf2 Qg2+ 0-1

[Event "HUN-chT2 Asztalos 1112"]
[Site "Hungary"]
[Date "2012.03.25"]
[Round "8.9"]
[White "Borocz, Istvan"]
[Black "Varga, Ferenc"]
[Result "0-1"]
[WhiteElo "1855"]
[BlackElo "1969"]
[PlyCount "80"]
[EventDate "2011.09.25"]
[EventType "team-tourn"]
[EventRounds "11"]
[EventCountry "HUN"]
[SourceTitle "EXT 2013"]
[Source "ChessBase"]
[SourceDate "2012.11.22"]
[SourceVersion "1"]
[SourceVersionDate "2012.11.22"]
[SourceQuality "1"]
[WhiteTeam "Pecs Karmin"]
[BlackTeam "Baja"]
[WhiteTeamCountry "HUN"]
[BlackTeamCountry "HUN"]

1. e4 c6 2. d4 d5 3. Nc3 dxe4 4. Nxe4 Bf5 5. Ng3 Bg6 6. Nf3 Nd7 7. h4 h6 8. Bc4 Ngf6 9. 0-0 e6 10. Re1 Be7 11. Bf4 0-0 12. Qd2 Nd5 13. h5 Nxf4 14. hxg6 Nxg6 15. Qe3 Bf6 16. c3 Qc7 17. Nh5 Rae8 18. Qe4 Qd6 19. Qg4 Kh8 20. Re2 Ne7 21. Bxe6 Ng8 22. Bc4 Rxe2 23. Bxe2 g6 24. Bd3 Bg7 25. Nxg7 Kxg7 26. Nh4 Ne7 27. Re1 Nf6 28. Qh3 Ned5 29. Bc2 Qf4 30. Nf3 Ng4 31. Rd1 Re8 32. Bd3 h5 33. Qh4 f6 34. Qh3 Qb8 35. Nh4 Nf4 36. Qf3 Nxd3 37. g3 Ndxf2 38. Rf1 Ne4 39. Re1 Ng5 40. Rxe8 Nxf3+ 0-1

[Event "HUN-chT2 Asztalos 1011"]
[Site "Hungary"]
[Date "2011.04.17"]
[Round "9.4"]
[White "Kiss, Arpad"]
[Black "Varga, Ferenc"]
[Result "0-1"]
[WhiteElo "2153"]
[BlackElo "1922"]
[PlyCount "78"]
[EventDate "2010.09.12"]
[EventType "team-tourn"]
[EventRounds "11"]
[EventCountry "HUN"]
[SourceTitle "EXT 2012"]
[Source "ChessBase"]
[SourceDate "2011.11.24"]
[SourceVersion "1"]
[SourceVersionDate "2011.11.24"]
[SourceQuality "1"]
[WhiteTeam "Mohacs"]
[BlackTeam "Baja"]
[WhiteTeamCountry "HUN"]
[BlackTeamCountry "HUN"]

1. d4 d5 2. e3 Nf6 3. c4 c6 4. Nc3 Nbd7 5. f4 Ne4 6. Nxe4 dxe4 7. Ne2 f5 8. Bd2 e6 9. b4 Nf6 10. a4 Bd7 11. Rb1 Be7 12. Nc3 0-0 13. Be2 Be8 14. g4 h6 15. 0-0 Bg6 16. Kh1 fxg4 17. Bxg4 Bf5 18. Be2 Kf7 19. Rg1 Rg8 20. Be1 g6 21. Bh4 h5 22. Qc2 Ng4 23. Bxe7 Qxe7 24. Bxg4 hxg4 25. Rb2 Rh8 26. Nxe4 Kg7 27. Qg2 Rxh2+ 28. Qxh2 Bxe4+ 29. Rgg2 Rh8 30. Kg1 Rxh2 31. Rxh2 g5 32. Kf2 gxf4 33. exf4 Qf6 34. Ke3 Qf5 35. Rh4 g3 36. Rd2 b5 37. axb5 cxb5 38. cxb5 Bd5 39. Rd3 g2 0-1

[Event "HUN-chT2 Asztalos 1011"]
[Site "Hungary"]
[Date "2010.10.10"]
[Round "3.5"]
[White "Rein, Viktor"]
[Black "Varga, Ferenc"]
[Result "1-0"]
[WhiteElo "1972"]
[BlackElo "1922"]
[PlyCount "75"]
[EventDate "2010.09.12"]
[EventType "team-tourn"]
[EventRounds "11"]
[EventCountry "HUN"]
[SourceTitle "EXT 2012"]
[Source "ChessBase"]
[SourceDate "2011.11.24"]
[SourceVersion "1"]
[SourceVersionDate "2011.11.24"]
[SourceQuality "1"]
[WhiteTeam "Pecs Karmin"]
[BlackTeam "Baja"]
[WhiteTeamCountry "HUN"]
[BlackTeamCountry "HUN"]

1. d4 d5 2. c4 c6 3. cxd5 cxd5 4. Nc3 Nf6 5. Bg5 e6 6. e3 Be7 7. Bd3 0-0 8. Nf3 Nc6 9. Rc1 h6 10. Bh4 a6 11. 0-0 Bd7 12. Bb1 Nh5 13. Bxe7 Qxe7 14. a3 Rac8 15. Na4 Na5 16. Rxc8 Rxc8 17. Nb6 Rc7 18. Nxd7 Rxd7 19. Ne5 Nf6 20. Nxd7 Qxd7 21. Bd3 b5 22. Qc2 Nc4 23. Ra1 g6 24. a4 Ne8 25. b3 Ncd6 26. axb5 axb5 27. Qc5 Qb7 28. Ra5 Kg7 29. Bxb5 Nxb5 30. Qxb5 Qc8 31. Qc5 Qd8 32. Ra7 Qb8 33. b4 Nd6 34. h3 h5 35. Rd7 Nf5 36. b5 g5 37. b6 g4 38. Qc7 1-0

[Event "HUN-chT2 Asztalos 0910"]
[Site "Hungary"]
[Date "2010.03.21"]
[Round "8"]
[White "Varga, Ferenc"]
[Black "Miovecz, Balint"]
[Result "1-0"]
[WhiteElo "1911"]
[BlackElo "1950"]
[PlyCount "129"]
[EventDate "2009.11.08"]
[EventType "team-tourn"]
[EventRounds "11"]
[EventCountry "HUN"]
[SourceTitle "EXT 2011"]
[Source "ChessBase"]
[SourceDate "2010.11.26"]
[SourceVersion "1"]
[SourceVersionDate "2010.11.26"]
[SourceQuality "1"]
[WhiteTeam "Baja"]
[BlackTeam "Szenna Pack"]
[WhiteTeamCountry "HUN"]
[BlackTeamCountry "HUN"]

1. d4 d5 2. c4 c6 3. e3 Nf6 4. Nf3 g6 5. b3 Bg7 6. Bb2 0-0 7. Bd3 Nbd7 8. 0-0 Ne4 9. Nbd2 f5 10. Ne5 Nxe5 11. dxe5 Qa5 12. Nf3 f4 13. Qc2 fxe3 14. Bxe4 exf2+ 15. Rxf2 dxe4 16. Qxe4 Bf5 17. Qe3 Rad8 18. Bc3 Qa6 19. Rd2 Rxd2 20. Qxd2 Qb6+ 21. Qf2 Qxf2+ 22. Kxf2 Rd8 23. Re1 Rd3 24. Bb2 Bh6 25. h3 c5 26. Bc1 Bxc1 27. Rxc1 h6 28. Ke2 Kf7 29. Ne1 Rd4 30. Nf3 Rd8 31. Rc3 Ke6 32. Re3 Bc2 33. Nd2 Kf5 34. a3 a5 35. g3 g5 36. Rc3 Be4 37. Nxe4 Kxe4 38. Re3+ Kf5 39. Kf3 Rd1 40. g4+ Ke6 41. a4 Rd4 42. Kg3 Kf7 43. h4 gxh4+ 44. Kxh4 Kg6 45. Kh3 Kg5 46. e6 Kf4 47. Re1 Rd3+ 48. Kh4 Rxb3 49. Kh5 Rb4 50. Kg6 Rxc4 51. Kf7 Rxa4 52. Kxe7 Rd4 53. Ke8 Rd6 54. e7 Ra6 55. Kd7 Ra8 56. Rf1+ Kxg4 57. Rf8 Rxf8 58. exf8Q h5 59. Ke6 h4 60. Ke5 Kg3 61. Qf4+ Kh3 62. Qg5 b5 63. Kf4 a4 64. Kf3 a3 65. Qg2# 1-0

[Event "HUN-chT2 Asztalos 0910"]
[Site "Hungary"]
[Date "2009.11.08"]
[Round "1"]
[White "Toth, David"]
[Black "Varga, Ferenc"]
[Result "1/2-1/2"]
[WhiteElo "2014"]
[BlackElo "1911"]
[PlyCount "80"]
[EventDate "2009.11.08"]
[EventType "team-tourn"]
[EventRounds "11"]
[EventCountry "HUN"]
[SourceTitle "EXT 2011"]
[Source "ChessBase"]
[SourceDate "2010.11.26"]
[SourceVersion "1"]
[SourceVersionDate "2010.11.26"]
[SourceQuality "1"]
[WhiteTeam "Pannonpower II"]
[BlackTeam "Baja"]
[WhiteTeamCountry "HUN"]
[BlackTeamCountry "HUN"]

1. d4 d5 2. c4 c6 3. Nf3 Nf6 4. Nc3 e6 5. cxd5 cxd5 6. Bf4 a6 7. e3 Bd6 8. Bxd6 Qxd6 9. Bd3 Nbd7 10. 0-0 0-0 11. Rc1 b5 12. a4 b4 13. Ne2 Bb7 14. b3 Rfc8 15. Qd2 Ne4 16. Qb2 h6 17. h3 a5 18. Rxc8+ Rxc8 19. Rc1 Ba6 20. Rxc8+ Bxc8 21. Qc2 Bb7 22. Ne1 Kf8 23. f3 Nef6 24. Bb5 Ba6 25. Nd3 Qb6 26. Bxa6 Qxa6 27. Nc5 Qa7 28. Nxd7+ Nxd7 29. Nf4 Qb7 30. Nd3 Ke7 31. Kf2 Kd6 32. f4 Qc6 33. Qxc6+ Kxc6 34. Ne5+ Nxe5 35. fxe5 Kd7 36. Kf3 Kc7 37. h4 g6 38. Kf4 Kd7 39. g4 Ke7 40. g5 h5 1/2-1/2